Super Mario 64 étoiles de puissances sur une carte: Manoir de Big Boo - Statistiques

Statistiques générales
  • Ce quiz a été pris 96 fois
  • Le résultat moyen est 5 sur 7
Réponses sur la Carte
Les réponses sont colorées sur une échelle allant du rouge au vert en fonction du pourcentage des utilisateurs qui les ont devinées à leur premier essai. Vous pouvez retrouver ces pourcentages ci-dessous.
 
Statistiques - réponses
# Etoile % Correct
4 Trouvez les 8 {pièces} {rouges}
97%
1 Cherchez le {Big} {Boo}
91%
3 Secret des {livres} hantés
75%
7 {Etoile} du sous-sol
74%
2 {Manège} des Boos pas beaux
65%
5 {Balcon} de Big Boo
49%
6 Un Œil sur les salles {secrètes}
49%
Aucun quiz correspondant
Distribution des résultats
% des personnes avec chaque résultat
Percentile par nombre de réponses
Votre historique - résultats
Vous n’avez pas pris ce quiz